| 000 | 00513nam a2200181Ia 4500 | ||
|---|---|---|---|
| 008 | 090124s9999 xx 000 0 und d | ||
| 082 | _b27547 | ||
| 100 | _aचव्हाण बियन | ||
| 245 | _a दोस्तायन | ||
| 250 | _a1 | ||
| 260 |
_bसरस प्रकाशन _c1988 |
||
| 300 | _a168 | ||
| 600 | _aचव्हाण बियन | ||
| 630 | _a दोस्तायन | ||
| 700 | _aचव्हाण बियन | ||
| 730 | _a दोस्तायन | ||
| 942 | _cBOOK | ||
| 999 |
_c94406 _d94406 |
||